| 000 | 00875nmc a2200313 a 4500 | ||
|---|---|---|---|
| 003 | AR-BaBNM | ||
| 005 | 20251128211142.0 | ||
| 008 | 033020s2001 ||||||||||||||000 | spa|| | ||
| 020 | _a950-16-5323-4 | ||
| 040 | _cAR-BaBNM | ||
| 245 | 1 | 0 | _aToma de decisiones |
| 250 | _a1ª ed. | ||
| 260 |
_aBuenos Aires _bTroquel _c2001 |
||
| 300 | 0 |
_a125 p. _bil., tablas |
|
| 490 | 0 | _aSer humano. Programa Troquel de educación integral | |
| 521 | _aPOLIMODAL | ||
| 650 | 4 | _aLIBROS DE TEXTO | |
| 650 | 4 | _aACTIVIDADES DE APRENDIZAJE | |
| 650 | 4 | _aJUEGOS EDUCATIVOS | |
| 653 | _aEDUCACION EN VALORES | ||
| 653 | _aEDUCACION PARA LA CONVIVENCIA | ||
| 653 | _aESTRATEGIAS EDUCATIVAS | ||
| 653 | _aEDUCACION SECUNDARIA | ||
| 653 | _aEDUCACION POLIMODAL | ||
| 700 | 1 |
_aMizrahi, Alejandra _ecoordinador |
|
| 700 | 1 | _aGonzález, Analía | |
| 942 | _cBK | ||
| 998 | _craquel | ||
| 999 |
_c18465 _d18465 |
||